000 00343nam a2200145 a 4500
003 MO
005 20170315085544.0
008 100921s19uu xx 00 eng d
050 _aTR
_bH11 1997
100 _aHaeger, Diane
245 4 _aPieces of April.
260 _aNew York :
_bHarperCollins,
_c1997.
942 _2ddc
_cBK
999 _c110739
_d110739